Stagnation point flow of non-Newtonian nanofluids with active and passive controls of nanoparticles /
Saved in:
| 主要作者: | |
|---|---|
| 格式: | Thesis 圖書 |
| 語言: | English |
| 出版: |
2019.
|
| 主題: | |
| 在線閱讀: | http://studentsrepo.um.edu.my/11762/ |
| 標簽: |
添加標簽
沒有標簽, 成為第一個標記此記錄!
|
| LEADER | 01416cam a2200361 i 4500 | ||
|---|---|---|---|
| 001 | u1125630 | ||
| 003 | SIRSI | ||
| 005 | 201910301159 | ||
| 008 | 191030s2019 my a m 000 0 eng | ||
| 040 | |a UMM |d AUM |e rda | ||
| 090 | |a QA3 |u MP 2019 Nadah | ||
| 100 | 0 | |a Nadhirah Abdul Halim, |e author. | |
| 245 | 1 | 0 | |a Stagnation point flow of non-Newtonian nanofluids with active and passive controls of nanoparticles / |c Nadhirah bt Abdul Halim. |
| 264 | 1 | |c 2019. | |
| 300 | |a xxiii, 157 leaves : |b illustrations ; |c 30 cm | ||
| 336 | |a text |2 rdacontent | ||
| 337 | |a unmediated |2 rdamedia | ||
| 337 | |a computer |2 rdamedia | ||
| 338 | |a volume |2 rdacarrier | ||
| 338 | |a computer disc |2 rdacarrier | ||
| 502 | |b Ph.D. |c Institut Sains Matematik, Fakulti Sains, Universiti Malaya |d 2019. | ||
| 504 | |a Bibliography: leaves 139-153. | ||
| 530 | |a Also issued in CD. | ||
| 650 | 0 | |a Stagnation point. | |
| 650 | 0 | |a Fluid mechanics. | |
| 650 | 0 | |a Non-Newtonian fluids. | |
| 650 | 0 | |a Nanoparticles. | |
| 710 | 2 | |a Universiti Malaya. |b Institut Sains Matematik, |e degree granting institution. | |
| 856 | 4 | 1 | |u http://studentsrepo.um.edu.my/11762/ |
| 900 | |a NNANS NSM | ||
| 596 | |a 1 25 | ||
| 999 | |a QA3 MP 2019 NADAH |w LC |c 1 |i A517276309 |f 25/11/2019 |g 1 |l STACKS |m P01UTAMA |r Y |s Y |t TESIS |u 25/11/2019 |1 STEM | ||
| 999 | |a QA3 MP 2019 NADAH |w LC |c 1 |i A517080559 |f 25/9/2020 |g 1 |l STACKS |m P25UMARCHI |r N |s Y |t CD |u 22/9/2020 |1 STEM |o .STAFF. MST-CD6705 | ||
